| 000 | 00335 a2200121 4500 | ||
|---|---|---|---|
| 005 | 20250519091623.0 | ||
| 082 | _aLECT 330.154 LUR | ||
| 100 | _aLURY, D. A. | ||
| 245 | _aElementary Quantitative Methods | ||
| 260 |
_aNairobi, _bEast African Publishing House, _c1967. |
||
| 300 |
_aix, 128p.: ill.; figure, table. _c22cm. |
||
| 942 |
_2ddc _cBKS |
||
| 999 |
_c2428 _d2428 |
||